00378nam a2200145Ia 4500003000400000008004100004040001600045082001300061100002400074245006400098260003500162300001000197650001000207650001500217GCL140319s9999 xx 000 0 eng d aGCL / cGCL04a703bY C1 aYAMASAKI, SHIGEHISA10aCHRONALAGICAL TABLE OF JAPANESE ART / cYAMASAKI, SHIGEHISA a[S.N] : bGEISHINSHA ، c1981 a885 P04aJAPAN04aART, JAPAN